Statistics for States that Have Voted Republican the Most

Click here to take the quiz!

General Stats

  • This quiz has been taken 187 times
  • The average score is 12 of 18

Answer Stats

State% Correct
Idaho
83%
North Dakota
83%
South Dakota
83%
Wyoming
81%
Utah
78%
Montana
77%
Nebraska
77%
Kansas
75%
Ohio
75%
Arizona
74%
Alaska
72%
Indiana
68%
Iowa
68%
Maine
56%
New Hampshire
53%
Michigan
50%
Vermont
48%
Pennsylvania
47%

Score Distribution

Percentile by Number Answered

Percent of People with Each Score

Your Score History

You have not taken this quiz